000 00325nam a22001337a 4500
008 181023b xxu||||| |||| 00| 0 eng d
020 _a9782884491723
041 _aeng
080 _a572
100 _a24
101 _aANT
245 _aAnthropology an International Health Asian Case Studies
_cNichter,M
942 _2udc
_cBK
999 _c50734
_d50734